| 000 | 01136naa a2200301 c 4500 | ||
|---|---|---|---|
| 001 | 40063 | ||
| 003 | ES-MaCES | ||
| 005 | 20100326102700.0 | ||
| 008 | 100326n2010 sp t 000 | spa d | ||
| 035 | _aCES20100004015v | ||
| 040 |
_aES-MaCES _bspa _cES-MaCES |
||
| 100 | 1 |
_aEscribano Gutiérrez, Juan _911375 |
|
| 245 | 1 | 3 |
_aEl mito de la responsabilidad social corporativa _b: el caso de los trabajadores discapacitados _cJuan Escribano Gutiérrez |
| 500 | _aResumen | ||
| 650 | 4 |
_aEspaña _926964 |
|
| 650 | 4 |
_aacuerdo colectivo de empresa _931121 |
|
| 650 | 4 |
_aplanificación corporativa _930332 |
|
| 650 | 4 |
_aresponsabilidad social _930590 |
|
| 650 | 4 |
_aautonomía de las personas con discapacidad _929665 |
|
| 650 | 4 |
_ainserción profesional _929942 |
|
| 650 | 4 |
_apersona con discapacidad _928689 |
|
| 650 | 4 |
_atrabajador _928414 |
|
| 653 | 1 | 0 | _aDerecho del trabajo y Seguridad Social |
| 773 | 0 |
_tRelaciones laborales _gaño 26, n. 5 (8 marzo 2010){10194 R. 076368}; p. 13-37 _w(ES-MaCES)25210 _943091 |
|
| 902 | _aART Artículo de revista | ||
| 942 |
_2CES _cAR _h6.0.1. |
||
| 999 |
_c40063 _d40063 |
||